All Eminem Songs - Statistics

General Stats
  • This quiz has been taken 10,640 times
    4,315 since last reset
  • The average score is 68 of 269
Answer Stats
Album Song % Correct
Slim Shady EP Intro (Slim Shady)
87%
8 Mile: Music from and Inspired by the Motion Picture Lose Yourself
81%
The Slim Shady LP B***h
78%
The Marshall Mathers LP The Real Slim Shady
76%
The Eminem Show Without Me
76%
The Marshall Mathers LP 2 A**hole
72%
The Marshall Mathers LP Stan
72%
Encore Mockingbird
71%
Music to Be Murdered By Godzilla
69%
The Marshall Mathers LP 2 Rap God
68%
The Slim Shady LP My Name Is
67%
Recovery Love the Way You Lie
62%
The Marshall Mathers LP 2 The Monster
60%
The Eminem Show 'Till I Collapse
60%
Recovery Not Afraid
59%
The Eminem Show Superman
59%
The Eminem Show Cleanin' Out My Closet
56%
Kamikaze Venom
56%
Infinite Infinite
52%
The Marshall Mathers LP Kim
52%
The Marshall Mathers LP The Way I Am
50%
Newest Single Houdini
49%
The Eminem Show White America
49%
Kamikaze Kamikaze
47%
Music to Be Murdered By Marsh
47%
The Eminem Show Hailie's Song
46%
The Eminem Show Sing for the Moment
46%
Relapse Beautiful
45%
Encore Encore (Curtains)
45%
The Marshall Mathers LP Kill You
45%
8 Mile: Music from and Inspired by the Motion Picture 8 Mile
44%
The Eminem Show Business
44%
Encore Just Lose It
44%
Relapse Crack a Bottle
43%
Curtain Call: The Hits FACK
43%
Single #2 Killshot
43%
Curtain Call: The Hits When I'm Gone
42%
Encore Like Toy Soldiers
41%
Encore Ass Like That
40%
The Slim Shady LP Guilty Conscience
40%
The Marshall Mathers LP Criminal
39%
The Slim Shady LP Just Don't Give a F**k
39%
The Marshall Mathers LP Marshall Mathers
39%
Encore | Kamikaze | Relapse | +2 others Paul
39%
Revival River
39%
The Eminem Show Soldier
39%
Relapse 3 a.m.
37%
Kamikaze Lucky You
37%
The Eminem Show My Dad's Gone Crazy
37%
The Slim Shady LP Role Model
37%
The Slim Shady LP Still Don't Give a F**k
37%
The Slim Shady LP '97 Bonnie & Clyde
36%
Relapse My Mom
36%
Curtain Call: The Hits Shake That
36%
The Marshall Mathers LP B***h Please II
35%
The Slim Shady LP Brain Damage
35%
The Slim Shady LP Rock Bottom
35%
The Eminem Show Square Dance
35%
The Marshall Mathers LP 2 Berzerk
34%
The Marshall Mathers LP I'm Back
34%
The Marshall Mathers LP 2 Bad Guy
33%
Recovery No Love
33%
Curtain Call: The Hits Intro (Curtain Call)
32%
Recovery Space Bound
32%
Relapse We Made You
32%
Relapse Déjà Vu
30%
The Eminem Show Drips
30%
The Marshall Mathers LP Drug Ballad
30%
Encore Puke
30%
Kamikaze The Ringer
30%
The Marshall Mathers LP Under the Influence
30%
Encore Big Weenie
29%
Revival Walk on Water
29%
Music to Be Murdered By Alfred (Interlude)
28%
Music to Be Murdered By Alfred (Intro)
28%
Music to Be Murdered By Alfred (Outro)
28%
The Marshall Mathers LP Amityville
28%
Recovery Cinderella Man
28%
Recovery Cold Wind Blows
28%
Encore | The Eminem Show Curtains Up
28%
Kamikaze Fall
28%
Kamikaze Not Alike
28%
The Slim Shady LP Bad Meets Evil
27%
Music to Be Murdered By Gnat
27%
The Slim Shady LP My Fault
27%
The Slim Shady LP Public Service Announcement
27%
8 Mile: Music from and Inspired by the Motion Picture Rabbit Run
27%
The Eminem Show Say Goodbye Hollywood
27%
Relapse Bagpipes from Baghdad
26%
The Slim Shady LP Cum on Everybody
26%
Kamikaze Good Guy
26%
The Marshall Mathers LP 2 Headlights
26%
Relapse Insane
26%
Encore Mosh
26%
The Eminem Show When the Music Stops
26%
Revival Castle
25%
The Slim Shady LP I'm Shady
25%
The Marshall Mathers LP | The Slim Shady LP Ken Kaniff
25%
The Marshall Mathers LP Remember Me?
25%
The Marshall Mathers LP Who Knew
25%
The Eminem Show Curtains Close
24%
The Slim Shady LP If I Had
24%
Kamikaze Nice Guy
24%
Encore Rain Man
24%
The Eminem Show Say What You Say
24%
Relapse | The Eminem Show | The Marshall Mathers LP Steve Berman
24%
Encore Yellow Brick Road
24%
The Slim Shady LP As the World Turns
23%
Encore Evil Deeds
23%
Kamikaze Greatest
23%
Encore Never Enough
23%
The Eminem Show The Kiss
23%
Revival Arose
22%
Music to Be Murdered By Darkness
22%
The Marshall Mathers LP 2 Love Game
22%
Relapse Medicine Ball
22%
Encore One Shot 2 Shot
22%
Kamikaze Stepping Stone
22%
The Marshall Mathers LP 2 Survival
22%
Recovery W.T.P.
22%
Music to Be Murdered By Zeus
22%
Encore Crazy in Love
21%
Relapse Hello
21%
Relapse Must Be the Ganja
21%
Encore My 1st Single
21%
Revival Revival (Interlude)
21%
Relapse Stay Wide Awake
21%
Recovery Talkin' 2 Myself
21%
Relapse Underground
21%
Recovery 25 to Life
20%
Music to Be Murdered By Alfred's Theme
20%
Relapse: Refill Elevator
20%
Encore | Kamikaze Em Calls Paul
20%
The Marshall Mathers LP 2 Legacy
20%
The Marshall Mathers LP Public Service Announcement 2000
20%
Relapse Same Song & Dance
20%
Music to Be Murdered By Stepdad
20%
Music to Be Murdered By Stepdad (Intro)
20%
Recovery Untitled
20%
Recovery Won't Back Down
20%
Infinite 313
19%
The Eminem Show Bump Heads
19%
Recovery Going Through Changes
19%
The Eminem Show Paul Rosenberg
19%
Revival Bad Husband
18%
Music to Be Murdered By Discombobulated
18%
Relapse Dr. West
18%
Music to Be Murdered By Higher
18%
Music to Be Murdered By Killer
18%
Relapse My Darling
18%
Kamikaze Normal
18%
Relapse Old Time's Sake
18%
Recovery On Fire
18%
Southpaw (Music from and Inspired by the Motion Picture) Phenomenal
18%
Recovery So Bad
18%
Music to Be Murdered By Those Kinda Nights
18%
Music to Be Murdered By Tone Deaf
18%
Music to Be Murdered By Unaccommodating
18%
The Marshall Mathers LP 2 Brainless
17%
Relapse Careful What You Wish For
17%
The Marshall Mathers LP 2 Evil Twin
17%
Revival Framed
17%
Relapse: Refill Music Box
17%
The Marshall Mathers LP 2 Rhyme or Reason
17%
Recovery Seduction
17%
Encore We as Americans
17%
Music to Be Murdered By Yah Yah
17%
Music to Be Murdered By You Gon' Learn
17%
Recovery You're Never Over
17%
The Marshall Mathers LP 2 Beautiful Pain
16%
Revival Believe
16%
Music to Be Murdered By Black Magic
16%
Revival Chloraseptic
16%
Revival In Your Head
16%
Music to Be Murdered By I Will
16%
Music to Be Murdered By Little Engine
16%
Encore Love You More
16%
Music to Be Murdered By Never Love Again
16%
Music to Be Murdered By Premonition (Intro)
16%
The Slim Shady LP Soap
16%
Relapse Tonya
16%
Recovery Almost Famous
15%
Music to Be Murdered By Book of Rhymes
15%
The Marshall Mathers LP 2 Groundhog Day
15%
Southpaw (Music from and Inspired by the Motion Picture) Kings Never Die
15%
Music to Be Murdered By Leaving Heaven
15%
Revival Offended
15%
Revival Remind Me
15%
The Marshall Mathers LP 2 So Far...
15%
Encore Spend Some Time
15%
8 Mile: Music from and Inspired by the Motion Picture Stimulate
15%
Eminem Presents: The Re-Up You Don't Know
15%
The Marshall Mathers LP 2 Baby
14%
Music to Be Murdered By Farewell
14%
Shady XV Guts Over Fear
14%
Revival Heat
14%
Music to Be Murdered By Lock It Up
14%
The Slim Shady LP Lounge
14%
Eminem Presents: The Re-Up No Apologies
14%
The Marshall Mathers LP 2 Parking Lot (skit)
14%
Encore Ricky Ticky Toc
14%
Shady XV Shady XV
14%
The Marshall Mathers LP 2 So Much Better
14%
The Marshall Mathers LP 2 Stronger Than I Was
14%
Revival Untouchable
14%
The Marshall Mathers LP 2 Wicked Ways
14%
Music to Be Murdered By Guns Blazing
13%
Music to Be Murdered By In Too Deep
13%
Curtain Call 2 Is This Love ('09)
13%
The Eminem Show Jimmy, Brian and Mike
13%
Revival Like Home
13%
Relapse Mr. Mathers
13%
Music to Be Murdered By No Regrets
13%
Revival Nowhere Fast
13%
Relapse: Refill Taking My Ball
13%
From the Original Motion Picture Soundtrack ELVIS The King and I
13%
Infinite Tonite
13%
Music to Be Murdered By Favorite B***h
12%
New Single From the D 2 the LBC
12%
Relapse: Refill Hell Breaks Loose
12%
Infinite It's O.K.
12%
Slim Shady EP Murder, Murder
12%
Revival Need Me
12%
Recovery Ridaz
12%
Music to Be Murdered By She Loves Me
12%
Eminem Presents: The Re-Up The Re-Up
12%
The Marshall Mathers LP 2 Desperation
11%
Shady XV Detroit vs. Everybody
11%
Eminem Presents: The Re-Up Jimmy Crack Corn
11%
8 Mile: Music from and Inspired by the Motion Picture Love Me
11%
Infinite Maxine
11%
The Eminem Show The Conspiracy Freestyle
11%
Revival Tragic Endings
11%
Infinite Backstabber
10%
Single Campaign Speech
10%
Encore Final Thought
10%
Music to Be Murdered By Key (Skit)
10%
Recovery Session One
10%
Music to Be Murdered By These Demons
10%
Infinite W.E.G.O. (Interlude)
10%
Infinite Open Mic
9%
The Marshall Mathers LP 2 Don't Front
8%
Shady XV Fine Line
8%
Infinite Jealousy Woes II
8%
Slim Shady EP Low Down, Dirty
8%
Infinite Never 2 Far
8%
Eminem Presents: The Re-Up Public Enemy #1
8%
Revival Remind Me (Intro)
8%
Infinite Searchin'
8%
Eminem Presents: The Re-Up Shady Narcotics (Intro)
8%
Eminem Presents: The Re-Up We're Back
8%
Shady XV Die Alone
7%
Slim Shady EP Mommy
7%
Slim Shady EP No One's Iller
7%
Newer Single Realest
7%
Tupac: Resurrection One Day at a Time (Em's Version)
6%
Shady XV Right for Me
6%
Single (New) The Adventures of Moon Man & Slim Shady
6%
Music to Be Murdered By Thus Far (Interlude)
6%
Game Over Hellbound
5%
No matching quizzes found
Score Distribution
Percent of People with Each Score
Percentile by Number Answered
Your Score History
You have not taken this quiz since the last reset